00870 a2200193 4500003000500000005001700005010001600022020001500038035002100053040000900074082002100083100002100104245006100125250001200186260005300198300006700251505032300318650003500641Nust20220812145416.0 a 95034468 a0132326388 a(DLC) 95034468 cNust00a621.38102855,TUM1 aTumilty, Thomas,10aAutoCad for electronics :ba tutorial /cThomas Tumilty. a2nd ed. aEnglewood Cliffs, N.J. :bPrentice Hall,cc1996. axxxiv, 412 p. :bill. ;c28 cm. +e1 computer disk (3 1/2 in.) aIntroduction (Page-1), Getting to know the Computer Environment (Page-17), Getting Auto CAD up and Running (Page-47), The Schematic (Page-103), The Printed Circuit Board (Page-153),Main Assembly Drawing and Front Panel (Page-213), Using the Printer and Plotter (Page-243), Summary of Auto CAD Commands (Page-267). 0aTelecommunication Engineering.